Detective LaRue : (Record no. 15902)
[ view plain ]
| 000 -LEADER | |
|---|---|
| fixed length control field | 01133cam a22003498a 4500 |
| 003 - CONTROL NUMBER IDENTIFIER | |
| control field | XX-XxUND |
| 005 - DATE AND TIME OF LATEST TRANSACTION | |
| control field | 20241220110713.0 |
| 008 - FIXED-LENGTH DATA ELEMENTS--GENERAL INFORMATION | |
| fixed length control field | 030910s2004 nyua j 000 1 eng |
| 001 - CONTROL NUMBER | |
| control field | 53038736 |
| 010 ## - LIBRARY OF CONGRESS CONTROL NUMBER | |
| LC control number | 2003020082 |
| 020 ## - INTERNATIONAL STANDARD BOOK NUMBER | |
| International Standard Book Number | 0439458684 (hc) |
| 035 ## - SYSTEM CONTROL NUMBER | |
| System control number | (Sirsi) i9780439458689 |
| 040 ## - CATALOGING SOURCE | |
| Original cataloging agency | DLC |
| Transcribing agency | DLC |
| Modifying agency | WIQ |
| 049 ## - LOCAL HOLDINGS (OCLC) | |
| Holding library | MPHF |
| 099 ## - LOCAL FREE-TEXT CALL NUMBER (OCLC) | |
| Filing suffix | EASY FICTION |
| 082 ## - DEWEY DECIMAL CLASSIFICATION NUMBER | |
| Classification number | TEA |
| 092 ## - LOCALLY ASSIGNED DEWEY CALL NUMBER (OCLC) | |
| Classification number | TEA |
| 100 1# - MAIN ENTRY--PERSONAL NAME | |
| Personal name | Teague, Mark. |
| 9 (RLIN) | 29884 |
| 245 10 - TITLE STATEMENT | |
| Title | Detective LaRue : |
| Remainder of title | letters from the investigation / |
| Statement of responsibility, etc | written and illustrated by Mark Teague. |
| 246 30 - VARYING FORM OF TITLE | |
| Title proper/short title | Letters from the investigation |
| 250 ## - EDITION STATEMENT | |
| Edition statement | 1st ed. |
| 260 ## - PUBLICATION, DISTRIBUTION, ETC. (IMPRINT) | |
| Place of publication, distribution, etc | New York : |
| Name of publisher, distributor, etc | Scholastic Press, |
| Date of publication, distribution, etc | 2004. |
| 300 ## - PHYSICAL DESCRIPTION | |
| Extent | [32] p. : |
| Other physical details | ill. (some col.) ; |
| Dimensions | 31 cm. |
| 520 ## - SUMMARY, ETC. | |
| Summary, etc | While on vacation, Mrs. LaRue receives letters from her dog Ike who has been falsely accused of harming the neighbor's cats and is trying to clear his name. |
| 650 #1 - SUBJECT ADDED ENTRY--TOPICAL TERM | |
| Topical term or geographic name as entry element | Dogs |
| Form subdivision | Fiction. |
| 9 (RLIN) | 5674795 |
| 650 #0 - SUBJECT ADDED ENTRY--TOPICAL TERM | |
| Topical term or geographic name as entry element | Cats |
| Form subdivision | Fiction. |
| 9 (RLIN) | 5674208 |
| 650 #0 - SUBJECT ADDED ENTRY--TOPICAL TERM | |
| Topical term or geographic name as entry element | Letters |
| Form subdivision | Fiction. |
| 9 (RLIN) | 5679257 |
| 650 #0 - SUBJECT ADDED ENTRY--TOPICAL TERM | |
| Topical term or geographic name as entry element | Humorous stories. |
| 9 (RLIN) | 6112203 |
| 942 ## - ADDED ENTRY ELEMENTS (KOHA) | |
| Koha item type | BOOK |
| 979 ## - | |
| -- | 333759 |
| 998 ## - LOCAL CONTROL INFORMATION (RLIN) | |
| -- | a31749 |
| Withdrawn status | Lost status | Source of classification or shelving scheme | Damaged status | Not for loan | Collection code | Home library | Current library | Shelving location | Date acquired | Source of acquisition | Total Checkouts | Total Renewals | Full call number | Barcode | Date last seen | Date checked out | Cost, replacement price | Price effective from | Koha item type |
|---|---|---|---|---|---|---|---|---|---|---|---|---|---|---|---|---|---|---|---|
| Dewey Decimal Classification | Children Picture Books | Wasatch County Library | Wasatch County Library | Main Floor Childrens Area | 08/11/2020 | Donation | 11 | 10 | E Teague | 34301001693920 | 03/11/2026 | 02/27/2026 | 20.95 | 08/11/2020 | BOOK |
